| 000 | 01051cam a2200217 4500 | ||
|---|---|---|---|
| 001 | J121824 | ||
| 008 | 000000n2003 000 0 eng u | ||
| 035 | _a(Sirsi) u121824 | ||
| 041 | _aeng | ||
| 050 |
_a333.332 _c18 |
||
| 110 |
_aUnited Kingdom _bOffice of the Deputy Prime Minister |
||
| 245 | 4 |
_aThe home information pack _bbackground and FAQs |
|
| 260 |
_aLondon _bODPM _c2003 |
||
| 520 | _aProvides answers to many frequently asked questions about home information packs (HIPs), formerly known as sellers' packs, proposed in the Housing Bill 2003. The document forms a part of the OPDM home buying and selling policy website which outlines the development of the Housing Bill and HIPs. View at www.dclg.gov.uk. | ||
| 650 | _aHOME INFORMATION PACKS | ||
| 650 | _aHOME CONDITION REPORTS | ||
| 650 | _aHOUSING BILL 2003 | ||
| 690 | _aPROPERTY AND LAND LAW-AGENCY-RESIDENTIAL | ||
| 856 |
_uhttps://webarchive.nationalarchives.gov.uk/+/http://www.communities.gov.uk/index.asp?id=1151015 _zView the FAQs on the DCLG website... |
||
| 942 | _n0 | ||
| 999 |
_c102754 _d102754 |
||